Estadísticas para Que prefieres parte 1

Haz click aquí para intentar la prueba.

Estadísticas generales

  • Esta prueba ha sido intentada 26 veces
  • La puntuación promedio es 6 de 16

Estadísticas de respuestas

Pregunta
Respuesta
% Correcto
asfixiado
71%
pobre
67%
mascota
57%
Elegir tu religion pero toda tu familia es de otra religion o ser de una religion que no te gusta pero toda tu familia es de esa religion?elegir tu religion
52%
Prefieres morir asfixiado en el espacio o morir ahogado en el oceano?ahogado
48%
Matar a tu mejor amigo o matar a tu mascota favorita?mejor amigo
48%
no matar a tu familia
48%
Ser billonario pero no tener familia o ser pobre pero tener familia?rico
43%
Visitar todos los paises del mundo excepto el de tus sueños o vivir en el pais de tus sueños y no poder visitar otro pais?visitar todos los paises
43%
Casarte con una persona que te gusta mucho pero ser pobre o casarte con una persona que odias pero ser rico?casarse con alguien que te gusta pero ser pobre
33%
Ser la primera persona en pisar la luna o ser la primera persona en llegar al espaciopisar la luna
33%
llegar al espacio
29%
en el pais de tus sueños
19%
casarte con alguien que no te gusta pero ser rico
14%
no elegir tu religion
14%
Matar a toda tu familia para ser trillonario o no matar a toda tu familia pero ser super pobrematar a tu familia
10%

Distribución de puntuación

Porcentaje por número respondido

Porcentaje de gente con cada puntuación

Historial de tus puntuaciones

No has intentado esta prueba.